Análisis del lenguaje jurídico
Uloženo v:
| Hlavní autoři: | , |
|---|---|
| Médium: | Kniha |
| Jazyk: | španělština |
| Vydáno: |
Buenos Aires, Argentina
Belgrano
1984
|
| Vydání: | 2a. ed |
| Edice: | Colección textos
|
| Témata: | |
| Tagy: |
Přidat tag
Žádné tagy, Buďte první, kdo vytvoří štítek k tomuto záznamu!
|
MARC
| LEADER | 00000nam a2200000 a 4500 | ||
|---|---|---|---|
| 001 | UCV0058 | ||
| 003 | CL-VaPUC | ||
| 005 | 20200727204206.0 | ||
| 008 | 871113e19840000AG |||||||||||||||||spa|d | ||
| 999 | |c 208825 |d 208823 | ||
| 040 | |c Pontificia Universidad Católica de Valparaíso | ||
| 082 | 0 | 4 | |a 340.11 GOM 1984 |2 21 |
| 100 | |a Gómez, Astrid C |e author |9 395545 | ||
| 245 | 1 | 0 | |a Análisis del lenguaje jurídico |
| 250 | |a 2a. ed | ||
| 260 | |a Buenos Aires, Argentina |b Belgrano |c 1984 | ||
| 300 | |a 188 páginas | ||
| 440 | |a Colección textos |9 856838 | ||
| 583 | |a last modification |c 19871113 00:00:00 |k Rodrigo Vera | ||
| 650 | 7 | |a DERECHO |2 CL-VaPUC |9 294788 | |
| 650 | 7 | |a TERMINOLOGIA |2 CL-VaPUC |9 254881 | |
| 700 | 0 | |a Bruera, Olga María |e author |9 294787 | |
| 852 | |a BIBDER | ||
| 942 | |c BK |2 ddc | ||
| 945 | |d 19871113 00:00:00 | ||
| 952 | |0 0 |1 0 |4 0 |6 340_110000000000000_GOM_1984 |7 0 |8 DER_TF |9 183759 |a BIBDER |b BIBDER |d 2019-11-14 |i 2500825 |o 340.11 GOM 1984 |p 2500825 |r 2023-01-25 |w 2019-11-14 |x Ubicación 4to Piso |y BK |z Estos recursos deben solicitarse con anticipación |k DER | ||
| 952 | |0 0 |1 0 |4 0 |6 340_110000000000000_GOM_1984 |7 0 |8 A |9 183760 |a BIBDER |b BIBDER |d 2019-11-14 |i 3821803 |o 340.11 GOM 1984 |p 3821803 |r 2023-01-25 |w 2019-11-14 |y BK |k DER | ||